| 000 | 00793nam a22002177a 4500 | ||
|---|---|---|---|
| 999 |
_c19657 _d19657 |
||
| 003 | AR-CdUCM | ||
| 008 | 190518b ||||| |||| 00| 0 spa d | ||
| 040 |
_aMUNICIPALIDAD PROVINCIAL DEL CUSCO _cBIBLIOTECA MUNICIPAL DEL CUSCO |
||
| 082 |
_22ed. _a669.1 / _bM98 |
||
| 100 |
_aMuthesius, Volkmar _941126 |
||
| 245 | _aTú y el acero / | ||
| 260 |
_aBarcelona : _bLabor, _c1961. |
||
| 300 |
_a322 paginas ; _bIlustraciones, _c22 cm. |
||
| 505 | _aContenido :El hierro se cría en la tierra -- En el principio -- Mito y realidad -- El alto horno -- Del hierro al acero... | ||
| 650 |
_aEl acero _941127 |
||
| 650 |
_aInstalación siderúrgica _941128 |
||
| 650 |
_aHierro _920578 |
||
| 700 |
_aOrobón Fernandez, Luis (Traducción) _941129 |
||
| 942 |
_2ddc _cLIBROS |
||
| 945 |
_awnts _d2019-05-18 |
||